Indikátory hodnotenia kvality práce na vysokých školách zborník referátov z medzinárodnej konferencie : Bratislava, 23.-24. októbra 1998

Na minha lista:
Detalhes bibliográficos
Autor Corporativo: Indikátory hodnotenia kvality práce na vysokých školách. Medzinárodná konferencia
Formato: Livro
Idioma:eslovaco
Publicado em: Bratislava Vydavateľstvo EKONÓM 1998
Assuntos:
Tags: Adicionar Tag
Sem tags, seja o primeiro a adicionar uma tag!

MARC

LEADER 00000nam$a2200000$$$4500
001 0035483
005 20231107140555.9
020 |a 80-225-1145-5 
041 0 |a slo 
044 |a SK 
245 1 0 |a Indikátory hodnotenia kvality práce na vysokých školách  |b zborník referátov z medzinárodnej konferencie : Bratislava, 23.-24. októbra 1998 
264 1 |a Bratislava  |b Vydavateľstvo EKONÓM  |c 1998 
300 |a 98 s. 
610 2 0 |a univerzity 
610 2 0 |a školy vysoké 
610 2 0 |a kvalita práce 
610 2 0 |a hodnotenie práce 
610 2 0 |a ukazovatele 
610 2 0 |a vzdelávanie vysokoškolské 
610 2 0 |a riadenie kvality 
610 2 0 |a výkony pracovné 
610 2 0 |a kontrola kvality 
110 2 |a Indikátory hodnotenia kvality práce na vysokých školách. Medzinárodná konferencia